| 000 -LEADER |
| fixed length control field |
00557nam a22001817a 4500 |
| 008 - FIXED-LENGTH DATA ELEMENTS--GENERAL INFORMATION |
| fixed length control field |
150106b xxu||||| |||| 00| 0 alb d |
| 041 0# - LANGUAGE CODE |
| Language code of text/sound track or separate title |
alb |
| 080 ## - UNIVERSAL DECIMAL CLASSIFICATION NUMBER |
| Edition identifier |
531.19 |
| Common auxiliary subdivision |
(075.18) |
| 100 1# - Rafti |
| Rafti |
Jagxhiu, Fetah S., |
| 245 10 - TITLE STATEMENT |
| Title |
Mekanika Pjesa I Statika / |
| Statement of responsibility, etc |
Fetah Jagxhiu. |
| 260 ## - |
| -- |
Prishtinë : |
| -- |
Universiteti i Prishtinës : |
| -- |
1997. |
| 300 ## - |
| -- |
311 f.: |
| -- |
me il. ; |
| -- |
24 cm. |
| 500 ## - |
| -- |
Parathënie : f. [7]-[8] |
| 500 ## - |
| -- |
Literatura : f. 307-311 |
| 650 0# - |
| -- |
Mekanika |
| -- |
Tekste universitare |
| 650 0# - |
| -- |
Statika |
| -- |
Tekste universitare |
| 942 ## - ADDED ENTRY ELEMENTS (KOHA) |
| Source of classification or shelving scheme |
|
| Item type |
Books |